Riconosci la Regione - Quiz n°6 - Statistics

Statistiche generali
  • Questo quiz è stato fatto 33 volte
  • Il punteggio medio è 9 su 10
Statistiche sulle risposte
Indizio Risposta % Corretto
Numero province 5
100%
Numero regioni italiane confinanti 1
96%
Presidente Roberto Occhiuto (FI)
96%
Patrono san Francesco di Paola
96%
Rappresentanza parlamentare 13 deputati 10 senatori
93%
Superficie 15 221,90 km²
93%
Popolazione 1 838 150
93%
PIL (nominale) 35 943 mln €
93%
Numero comuni 404
93%
Regione Calabria
93%
Nessun quiz corrispondente trovato
Distribuzione punteggi
Percentuale di utenti per punteggio
Percentile per numero di risposta
I tuoi punteggi nel tempo
Non hai fatto questo quiz